Glee Songs (Season 1) Quiz Stats

 Plays Quiz Updated Dec 10, 2018

     
Support Sporcle.
Go Orange.
Score 0/114 Timer 15:00
1 Play Today
Episode Song % Correct
PilotDon't Stop Believin'
86.8%
PilotRespect
72.7%
PilotI Kissed a Girl
71.9%
PilotRehab
68.4%
ShowmanceGold Digger
66.4%
WheelsDefying Gravity
63.1%
Vitamin DHalo
62.4%
Vitamin DWalking on Sunshine
62.1%
Hell-OHello
60.4%
ThrowdownNo Air
60.3%
The Power of MadonnaLike a Virgin
58.7%
TheatricalityBad Romance
57.2%
TheatricalityPoker Face
57%
MattressSmile
56.7%
MattressSmile
56.7%
HairographyImagine
56.7%
MattressJump
56.2%
Hell-OGives You Hell
55.9%
ShowmanceTake a Bow
55.3%
ShowmancePush It
55.3%
Bad ReputationIce Ice Baby
54.9%
Vitamin DIt's My Life
53.5%
PilotOn My Own
53%
Vitamin DConfessions Part II
52.8%
PreggersSingle Ladies (Put a Ring on It)
51.9%
The Power of Madonna4 Minutes
51.4%
The Rhodes Not TakenSomebody to Love
50.8%
The Power of MadonnaVogue
50.7%
PilotYou're The One That I Want
50.6%
SectionalsMy Life Would Suck Without You
49.8%
Mash-UpThong Song
49.6%
Mash-UpSweet Caroline
48.5%
Dream OnDream On
47.6%
SectionalsDon't Rain On My Parade
47%
JourneyBohemian Rhapsody
47%
LaryngitisThe Climb
46.1%
Hell-OHello, Goodbye
46%
Bad ReputationPhysical
45.9%
Episode Song % Correct
AcafellasMercy
45.2%
WheelsProud Mary
45.2%
ThrowdownKeep Holding On
44.4%
HairographyCrazy in Love
43.7%
HairographyTrue Colors
43.3%
The Power of MadonnaLike a Prayer
42.6%
PilotMister Cellophane
42.1%
HomeBeautiful
41.4%
HairographyHair
41%
PilotCan't Fight This Feeling
40.1%
BalladDon't Stand So Close to Me
39.7%
The Rhodes Not TakenAlone
39%
Bad ReputationTotal Eclipse of the Heart
38.6%
LaryngitisOne
38.1%
BalladEndless Love
38%
The Rhodes Not TakenLast Name
37.3%
JourneyFaithfully
37.2%
The Rhodes Not TakenMaybe This Time
37%
Mash-UpBust a Move
36.8%
PreggersTaking Chances
36.6%
JourneyOver the Rainbow
36.5%
Dream OnI Dreamed a Dream
36.5%
SectionalsYou Can't Always Get What You Want
36.3%
ShowmanceI Say a Little Prayer
35.5%
AcafellasBust Your Windows
35%
BalladI'll Stand By You
34.6%
BalladLean On Me
34.6%
Mash-UpI Could Have Danced All Night
34.5%
JourneyAny Way You Want It
34.5%
TheatricalityBeth
34.4%
PreggersTonight
34%
BalladYoung Girl
33.7%
HairographyBootylicious
33.2%
LaryngitisJessie's Girl
33.1%
PilotSit Down, You're Rockin' the Boat
33%
Hell-OHello, I Love You
32.9%
HairographyPapa Don't Preach
32.7%
ThrowdownHate On Me
32.5%
Episode Song % Correct
Hell-OHighway to Hell
32.2%
Bad ReputationU Can't Touch This
31.9%
WheelsDancing With Myself
31.7%
HomeHome
31%
Bad ReputationRun Joey Run
30.9%
Ballad(You're) Having My Baby
30.5%
The Power of MadonnaExpress Yourself
29.5%
LaryngitisThe Boy Is Mine
29.5%
Dream OnThe Safety Dance
29.4%
FunkLoser
29.1%
AcafellasPoison
28.8%
TheatricalityFunny Girl
28.6%
The Rhodes Not TakenCabaret
27.9%
AcafellasI Wanna Sex You Up
27.5%
JourneyLovin', Touchin', Squeezin'
27.4%
JourneyTo Sir, with Love
27.3%
FunkGive Up the Funk
26%
HomeA House Is Not a Home
25.9%
The Power of MadonnaBorderline
25.7%
ThrowdownYou Keep Me Hangin' On
25.7%
ShowmanceLe Freak
25.5%
Dream OnPiano Man
25.3%
SectionalsAnd I Am Telling You I'm Not Going
25.1%
The Power of MadonnaOpen Your Heart
25%
LaryngitisRose's Turn
24.8%
LaryngitisThe Lady Is a Tramp
24.7%
FunkAnother One Bites the Dust
24.7%
ThrowdownRide wit Me
24%
HomeFire
23.7%
The Power of MadonnaWhat It Feels Like for a Girl
23.2%
FunkGood Vibrations
23.1%
AcafellasThis Is How We Do It
22.8%
HomeOne Less Bell to Answer
19.4%
LaryngitisPink Houses
19.2%
TheatricalityShout It Out Loud
18.3%
Dream OnDream a Little Dream
17.9%
FunkIt's a Man's Man's Man's World
14.9%
FunkTell Me Something Good
12%

From the Vault

'Have Yourself a Merry Little Christmas' Lyrics

by Derek

Holiday 5m
In 2007 this song was ranked the third most performed Christmas song of the past five years, Sporcle is doing our part to get it to number 1!!
Remove Ads.
Support Sporcle.
Get the best of Sporcle when you Go Orange. This ad-free experience offers more features, more stats, and more fun while also helping to support Sporcle. Thank you for becoming a member.

Show Comments

Extras

Top Quizzes Today


Score Distribution

Your Account Isn't Verified!

In order to create a playlist on Sporcle, you need to verify the email address you used during registration. Go to your Sporcle Settings to finish the process.

Report this User

Report this user for behavior that violates our Community Guidelines.

Details: